000 00478ntaaa2200181 4500
003 01
005 20251027202755.0
008 0714s1973 ag 01
040 _aAR-BaBN
_bspa
_cAR-BaBN
_eaacr
_dRIC
082 _a808.5000 M48
100 _aMelián Laíño, Alvaro
_927873
245 _aLa oratoria Argentina, 1810-1910
250 _a1 ed.
260 _aBuenos Aires :
_bEdiciones Culturales Argentinas,
_cc1963
300 _a193 p
650 _ahomilética
_91351
942 _cBK
999 _c23014
_d23014